000 01858nam a2200337 i 4500
001 768714001
003 CO-MdFUSB
005 20210930104202.0
007 ta
008 200605t2007 sp |||| |||| 00| 0 spa d
020 _a9788496748989
040 _aCO-MdFUSB
_bspa
_cCO-MdFUSB
_dCO-MdFUSBC
_erda
041 _aspa
_heng
082 _223
_a813.6
_bV282
100 _aVantrease, Brenda
_d1945 -
_eautor
240 _aThe mercy seller
245 1 3 _aLa comerciante de libros
_b: una historia de traición, romance y persecución en la Europa del siglo XV
_c/ Brenda Vantrease ; traducido por Jofre Homedes Beutnagel
264 1 _aMadrid, España :
_bMaeva,
_c[2007]
264 4 _c©2007
300 _c535 páginas ;
_a19 cm
336 _2rdacontent
_atexto
_btxt
337 _2rdamedia
_asin mediación
_bn
338 _2rdacarrier
_avolumen
_bnc
490 _aEvasión
520 3 _aEl maestro iluminador Finn prosigue con su labor de acercar la Biblia a la población sin pasar por el filtro de la Iglesia. Acompañado por su nieta Anna, Finn se gana la vida en Praga iluminando ejemplares de la Biblia y desafiando con todo su empeño la intolerancia eclesiástica. Pero las autoridades dan un paso más en su cruzada contra las libertades individuales y empiezan a quemar libros y a matar a los herejes. Cuando el prometido de Anna es decapitado, junto a otros herejes, Finn insta a su nieta a refugiarse en Inglaterra. Instalada provisionalmente en Francia, donde se gana la vida vendiendo libros, Anna conoce entonces a un joven y rico mercader. Lo que ignora Anna es que aquel joven es en realidad fray Gabriel, un monje inglés enviado a Francia como espía.
563 _aRústico
650 7 _2embne
_92493
_aLiteratura norteamericana
700 _95105
_aHomedes Beutnagel, Jofre ‎
_etraductor
942 _cBK
945 _aDani
999 _c66040
_d66040